000 00303nam a22001337a 4500
008 170823b xxu||||| |||| 00| 0 eng d
020 _a9780521425308
041 _aeng
080 _a51
100 _a38
101 _aMAT
245 _aLECTURES ON ELLIPTIC CURVES
_cCASSELS.J.W.S
942 _2udc
_cBK
999 _c24636
_d24636